Ethical practice in clinical medicine/ (Record no. 1227)

MARC details
000 -LEADER
fixed length control field 00537nam a2200205 a 4500
005 - DATE AND TIME OF LATEST TRANSACTION
control field 20260322212052.0
008 - FIXED-LENGTH DATA ELEMENTS--GENERAL INFORMATION
fixed length control field data
010 ## - LIBRARY OF CONGRESS CONTROL NUMBER
LC control number 90-8447
020 ## - INTERNATIONAL STANDARD BOOK NUMBER
International Standard Book Number 0415050693
020 ## - INTERNATIONAL STANDARD BOOK NUMBER
International Standard Book Number 978-0-415-05069-2
096 ## - LOCALLY ASSIGNED NLM-TYPE CALL NUMBER (OCLC)
Classification number W 50 E47e 1990
001 - CONTROL NUMBER
control field data
100 1# - MAIN ENTRY--PERSONAL NAME
Personal name Ellos, William J.
245 10 - TITLE STATEMENT
Title Ethical practice in clinical medicine/
Statement of responsibility, etc. William J. Ellos.
260 ## - PUBLICATION, DISTRIBUTION, ETC.
Place of publication, distribution, etc. New York
Name of publisher, distributor, etc. Routledge
Date of publication, distribution, etc. c1990
300 ## - PHYSICAL DESCRIPTION
Extent 190 p.
500 ## - GENERAL NOTE
General note Includes bibliographical references and index.
650 02 - SUBJECT ADDED ENTRY--TOPICAL TERM
Topical term or geographic name entry element Ethics, Medical
650 02 - SUBJECT ADDED ENTRY--TOPICAL TERM
Topical term or geographic name entry element Philosophy, Medical
Holdings
Withdrawn status Lost status Damaged status Not for loan Home library Current library Shelving location Date acquired Total checkouts Full call number Barcode Date last seen Price effective from Koha item type
        Riverside Riverside General stacks 22/03/2026   GEN BC0011267 22/03/2026 22/03/2026 Books